|
|
|
|
| LEADER |
01770nam a22003257a 4500 |
| 001 |
40648 |
| 003 |
BD-DhAAL |
| 008 |
230118r20212016bg ||||| b||| 001 1 ben d |
| 020 |
|
|
|a 9841804689
|
| 040 |
|
|
|a BD-DhAAL
|c BD-DhAAL
|
| 041 |
|
|
|a ben
|
| 082 |
|
|
|a 891.443
|2 23
|
| 245 |
|
|
|a সৈয়দ মুজতবা আলী :
|b রচনাবলী,
|n একাদশ খণ্ড /
|c সম্পাদক আবদুল্লাহ আবু সায়ীদ.
|
| 246 |
|
|
|a Syed Mujtaba Ali rachanabali
|
| 260 |
|
|
|a ঢাকা :
|b বিশ্বসাহিত্য কেন্দ্র,
|c ২০১৬ [চতুর্থ মুদ্রণ ২০২১].
|
| 300 |
|
|
|a ২৯৪ পৃষ্ঠা ;
|c ২২ সে.মি.
|
| 362 |
|
|
|a Vol. 11
|
| 490 |
|
|
|a বিশ্বসাহিত্য কেন্দ্র প্রকাশনা ;
|v ৪৬৯
|
| 526 |
|
|
|a GenEd (Residential Campus)
|
| 541 |
|
|
|a Development Book Agency
|e 40648, 40649
|
| 600 |
|
|
|a আলী, সৈয়দ মুজতবা
|9 50862
|
| 650 |
|
|
|a Bengali fiction.
|9 50863
|
| 650 |
|
|
|a Bengali literature.
|
| 700 |
|
|
|a সায়ীদ, আবদুল্লাহ আবু
|9 50864
|
| 830 |
|
|
|a বিশ্বসাহিত্য কেন্দ্র প্রকাশনা ;
|v ৪৬৯
|9 53391
|
| 852 |
|
|
|a Ayesha Abed Library
|c General Stacks
|
| 942 |
|
|
|2 ddc
|c BK
|
| 999 |
|
|
|c 45318
|d 45318
|
| 952 |
|
|
|0 0
|1 0
|2 ddc
|4 0
|6 891_443000000000000_SYE
|7 0
|9 72728
|a SCL
|b SCL
|c GEN
|d 2023-01-05
|e Development Book Agency
|g 348.90
|l 0
|o 891.443 SYE
|p 3020040648
|r 2023-01-05
|t 1
|v 348.90
|w 2023-01-05
|y BK
|
| 952 |
|
|
|0 0
|1 0
|2 ddc
|4 0
|6 891_443000000000000_SYE
|7 0
|9 72729
|a SCL
|b SCL
|c GEN
|d 2023-01-05
|e Development Book Agency
|g 348.90
|l 0
|o 891.443 SYE
|p 3020040649
|r 2023-01-05
|t 2
|v 348.90
|w 2023-01-05
|y BK
|